Countries Michel Aoun Visited - Statistics

General Stats
  • This quiz has been taken 14 times
  • The average score is 4 of 6
Answer Stats
Continent Country % Correct
Asia/ Europe Russia
100%
Europe France
78%
Asia Iraq
78%
Asia Jordan
67%
Europe Italy
56%
Europe Vatican City
22%
No matching quizzes found
Score Distribution
Percent of People with Each Score
Percentile by Number Answered
Your Score History
You have not taken this quiz